Страна огней: роман; пер. с азерб.
| Hovedforfatter: | |
|---|---|
| Summary: | Исключено из фонда НТБ ТПУ |
| Sprog: | russisk |
| Udgivet: |
Баку, Гянджлик, 1987
|
| Format: | MixedMaterials Bog |
| KOHA link: | https://koha.lib.tpu.ru/cgi-bin/koha/opac-detail.pl?biblionumber=314356 |
MARC
| LEADER | 00000nam0a2200000 4500 | ||
|---|---|---|---|
| 001 | 314356 | ||
| 005 | 20231101014449.0 | ||
| 035 | |a (RuTPU)RU\TPU\book\339777 | ||
| 090 | |a 314356 | ||
| 100 | |a 20160212d1987 d y0rusy50 ca | ||
| 101 | 1 | |a rus |c aze | |
| 102 | |a AZ | ||
| 105 | |a y z 000ay | ||
| 200 | 1 | |a Страна огней |e роман |e пер. с азерб. |f А. Зохраббеков | |
| 210 | |a Баку |c Гянджлик |d 1987 | ||
| 215 | |a 176 с. | ||
| 333 | |a Исключено из фонда НТБ ТПУ | ||
| 700 | 1 | |a Зохраббеков |b А. |g Анатолий | |
| 801 | 1 | |a RU |b 63413507 |c 20160212 | |
| 801 | 2 | |a RU |b 63413507 |c 20220602 |g RCR | |
| 942 | |c BK | ||